Propria Officia Sanctorum : Quos Cathedralis Ecclesia Olomucensis S.Wenceslai Martyris et Bohemiae Regis cum tota Dioecesi Episcopatus Olomucensis specialiter colit. [Ps. 1-4] /

Další autoři: Hamilton, Maximilián, 1714-1776
Jazyk: Latina
Vydáno: Olomucii Moravorum : Typis Josephae Hirnlianae, 1774
Témata:
Fyzický popis: [6], 22, [2], 19, [2], 28, [2], 4, 2, 10, 8, 3 s. ; 8°
Knihy
Uloženo v:
LEADER 01233nam a22002777a 4500
001 mzk03001224177
003 CZ BrMZK
005 20160127134217.0
008 010907s1774 xr fr|||||00| ||latod
040 |a BOA001  |b cze  |c BOA001 
072 7 |a 094  |x Staré tisky  |2 Konspekt  |9 12 
080 |a (0.068)094  |2 MRF 
245 0 0 |a Propria Officia Sanctorum :  |b Quos Cathedralis Ecclesia Olomucensis S.Wenceslai Martyris et Bohemiae Regis cum tota Dioecesi Episcopatus Olomucensis specialiter colit.  |n [Ps. 1-4] /  |c Authoritate et Jussu ... Maximiliani ... Episcopi Olomucensis ... et ab Hamilton Comitis ad augendam praedictorum Sanctorum venerationem denuo in lucem edita 
260 |a Olomucii Moravorum :  |b Typis Josephae Hirnlianae,  |c 1774  |f (Factore Josepho Francisco Loserth) 
300 |a [6], 22, [2], 19, [2], 28, [2], 4, 2, 10, 8, 3 s. ;  |c 8° 
500 |a Výzdoba: tisk červený a černý, viněty 
655 7 |a staré tisky  |7 fd422076  |2 czenas 
700 1 |a Hamilton, Maximilián,  |d 1714-1776  |4 oth 
903 |a RP 
910 |a BOE452  |b Mn 
978 |b Hirnleová, Josefa Terezie  |a Olomouc  |c 1774 
978 |b Loserth, Josef František  |a Olomouc  |c 1774 
984 |a Olomouc  |b Česko 
985 |a 1751-1800 
990 |a BK 
991 |k minorite